|
|
|
|
| LEADER |
00000nab a2200000 a 4500 |
| 001 |
vtls000555732 |
| 003 |
SK-MaSNL |
| 005 |
20260304095449.0 |
| 008 |
250425c1995 xo 0 slo |
| 015 |
|
|
|a SNBRB19rr/mm-uuuuu
|
| 035 |
|
|
|a CL0555870
|
| 035 |
|
|
|a urn:nbn:sk:snk-abaky7
|
| 035 |
|
|
|a (urnnbn)urn:nbn:sk:snk:ar-a0a0sc
|
| 035 |
|
|
|a (uuid)f6b76167-72fe-400b-987a-8ad123230e1e
|
| 040 |
|
|
|a SNKBUCL
|b slo
|c SNKBUCL
|e AACR2
|
| 041 |
0 |
|
|a slo
|
| 044 |
|
|
|a xo
|c SK
|
| 080 |
|
|
|a 616-008.9:577.175.722
|2 1981
|
| 080 |
|
|
|a 577.175.722
|2 1981
|
| 100 |
1 |
|
|a Mokáň, Marián,
|d 1957-
|4 aut
|9 106742
|
| 245 |
1 |
0 |
|a Prehľad in vivo techník na kvantifikáciu inzulínovej senzitivity
|c Marián Mokáň
|
| 300 |
|
|
|b Grafy 2, res. angl., slov., lit. 25 zázn. v angl., češ.
|
| 650 |
0 |
7 |
|a inzulínová rezistencia
|2 snkbucl
|9 81394
|
| 655 |
|
7 |
|a články z novín a časopisov
|2 snkbucl
|9 267496
|
| 773 |
0 |
|
|t Vnitřní lékařství
|g Roč. 41, č. 2 (1995), s. 84-91
|x 0042-773X
|
| 850 |
|
|
|a Slovenská národná knižnica
|
| 852 |
|
|
|a Slovenská národná knižnica
|
| 954 |
|
|
|a odborná, vedecká literatúra pôvodná (slovenská)
|2 lita
|
| 958 |
|
|
|a article14
|
| 958 |
|
|
|a NB
|
| 958 |
|
|
|a RK
|
| 958 |
|
|
|a OND
|
| 958 |
|
|
|a EUIPO
|
| 992 |
|
|
|a RBX
|
| 999 |
|
|
|c 2832939
|d 2834869
|